000 004830000a22001690004500
003 MACL
005 20150716145732.0
008 150716b xxu||||| |||| 00| 0 eng d
040 _aMACL
_cMACL
041 _aEnglish
082 _a330/CHA
100 _aCentre For Science and Enviroment
_92360
245 _aRich Lands Poor People
_bIs Sustainable Mining possible
260 _bCentre For Science and Environment
_c2008
_aNew Delhi
650 _aEconomics
_974
942 _cBK
_k330
_2ddc
999 _c42120
_d42120